Library Banner

Fikr o Nazar(Vol-51 , No.4) (Record no. 95716)

MARC details
000 -LEADER
fixed length control field 00368nam a22001457a 4500
005 - DATE AND TIME OF LATEST TRANSACTION
control field 20170726113153.0
008 - FIXED-LENGTH DATA ELEMENTS--GENERAL INFORMATION
fixed length control field 170726b xxu||||| |||| 00| 0 eng d
022 ## - INTERNATIONAL STANDARD SERIAL NUMBER
International Standard Serial Number 04304055
040 ## - CATALOGING SOURCE
Transcribing agency PK-LaUMT
082 ## - DEWEY DECIMAL CLASSIFICATION NUMBER
Classification number ZIAC 297.05
Item number FIK-
245 ## - TITLE STATEMENT
Title Fikr o Nazar(Vol-51 , No.4)
260 ## - PUBLICATION, DISTRIBUTION, ETC. (IMPRINT)
Place of publication, distribution, etc Islamabad:
Name of publisher, distributor, etc Islamic research institue,
Date of publication, distribution, etc 2014
300 ## - PHYSICAL DESCRIPTION
Extent 181 p.
942 ## - ADDED ENTRY ELEMENTS (KOHA)
Koha item type Books
Holdings
Withdrawn status Lost status Damaged status Home library Current library Date acquired Full call number Barcode Date last seen Price effective from Koha item type
      UMT Main Campus UMT Main Campus 2017-07-26 ZIAC 297.05 FIK- 111380 2017-07-26 2017-07-26 Books